| 000 | 01008nam a22003257a 4500 | ||
|---|---|---|---|
| 003 | CHAP | ||
| 005 | 20220329133137.0 | ||
| 008 | 971013s1988 nl r 00010 eng d | ||
| 010 | _a2675 | ||
| 011 | _a3647 | ||
| 035 | _a2848 | ||
| 040 | _cCHAP | ||
| 082 | 0 | 4 |
_a630.0151 _bB3 |
| 100 | 0 | 0 |
_aBan, István. _99793 |
| 245 | 1 | _aBiomathematics and its applications in plant cultivation | |
| 260 |
_aAmsterdam : _bElsevier, _c1988 |
||
| 300 | _a203 p | ||
| 500 | _aD46-216 | ||
| 590 |
_aBATCH-UPD _b10 _c20130109 _lUCH01 _h2356 |
||
| 590 |
_aBATCH-UPD _b10 _c20130110 _lUCH01 _h2033 |
||
| 590 |
_aBATCH-UPD _b10 _c20130409 _lUCH01 _h1930 |
||
| 590 |
_aBATCH-UPD _b10 _c20130410 _lUCH01 _h1349 |
||
| 590 |
_aBATCH-UPD _b10 _c20130914 _lUCH01 _h0603 |
||
| 590 |
_aCONVERSION _b10 _c20130109 _lUCH01 _h1303 |
||
| 650 | 1 | 4 |
_aAgricultura _xMatematicas. _91737 |
| 650 | 1 | 4 |
_aBiomatemática. _912827 |
| 901 | _aBK | ||
| 942 | _cLIBRO | ||
| 949 |
_a630.0151 B3 _bBC _cLIBRO _d33724000027595 _eLIBRO _gI.156445 _h80122 _i2848 _si _t517.60 |
||
| 999 |
_c2675 _d2675 |
||